00756nam a2200193Ia 4500003000900000008004100009020001800050040001600068080002200084111008600106245017300192260004200365300001600407490002600423650002100449650002600470650004300496700002300539IN-BaIIA211028s9999 xx 000 0 eng d a90-277-0470-8 cIIA Library a082.2:52bIAU-S66 aInternational Astronomical Union Symposiumn66thcWarsaw, Polandd1973 Sep. 10-12 0aLate stages of stellar evolutionbproceedings of the IAU symposium no.66 (Copernicus Symposium V), held in Warsaw, Poland, September 10-12, 1973cedited by R. J. Tayler aDordrechtbD. Reidel Publishingc1974 aviii, 269p. aIAU Symposium; no. 66 a Star formation a Stellar evolution  aAstronomy and Astrophysics Thesaurus  aTayler, R. J., ed.